Bundesliga Vorlagengeber 2025/2026 - Statistiken

Allgemein
  • Dieses Quiz wurde 33 mal gespielt
  • Das Durchschnittsergebnis liegt bei 4 aus 6
Antwortstatistiken
Vorlagen Verein Spieler % Korrekt
19 FC Bayern München Michael Olise
100%
14 FC Bayern München Luis Díaz
94%
15 Borussia Dortmund Julian Ryerson
69%
10 VfB Stuttgart Jamie Leweling
53%
10 1. FC Union Berlin Andrej Ilić
31%
10 TSG Hoffenheim Bazoumana Touré
28%
Keine übereinstimmenden Quizze gefunden
Verteilung der Resultate
Anzahl Personen mit jedem Resultat
Perzentil nach korrekt beantworteten Fragen
Ihre Resultats-Entwicklung
Sie haben dieses Quiz noch nicht gespielt